000 00632nam a2200241Ia 4500
003 OSt
005 20221007074827.0
006 a|||||r|||| 00| 0
007 ta
008 221006b |||||||| |||| 00| 0 eng d
024 _a29,900
037 _cTextual
040 _aFLL
_cFLL
_beng
041 _2eng
_aeng
082 _aZ1, N4
100 _aStarke J.G.
245 0 _aIntroduction to international law (Replace Copy)
250 _a10th
260 _aNew Delhi
_bAditya Books Private Limited India
_c1994
300 _axxix,694p
_ccm.
942 _hZ1, N4
_cTEXL
_2CC
999 _c1153813
_d1153813